Statistics for U.S. States GDP Compared to Other Countries GDP

Click here to take the quiz!

General Stats

  • This quiz has been taken 29 times
  • The average score is 36 of 50

Answer Stats

U.S. StateU.S. State GDP (USD million)Closest Country GDP (USD million)Country LocationCountry (Answer)% Correct
California3,290,1703,124,650EuropeUnited Kingdom
100%
New York1,868,2241,883,487North AmericaCanada
93%
Texas1,950,3591,883,487North AmericaCanada
93%
Florida1,198,9131,192,480North AmericaMexico
93%
Illinois884,4471,012,598EuropeNetherlands
93%
Pennsylvania832,704824,734EuropeSwitzerland
89%
Colorado416,937418,150South AmericaArgentina
86%
Indiana415,334418,150South AmericaArgentina
86%
Virginia586,250578,996EuropeBelgium
86%
Michigan559,479578,996EuropeBelgium
86%
Washington661,520642,121EuropePoland
86%
North Carolina646,207642,121EuropePoland
86%
Massachusetts625,113625,948EuropeSweden
82%
Connecticut294,649295,610South AmericaColombia
79%
Georgia673,072682,859AsiaIran
79%
New Jersey671,483682,859AsiaIran
79%
Oregon264,113257,391EuropePortugal
79%
Louisiana253,315257,391EuropePortugal
79%
Ohio732,117759,104AsiaTaiwan
79%
Alabama243,555243,332OceaniaNew Zealand
75%
Arizona400,156401,513AsiaUnited Arab Emirates
75%
South Carolina266.079276,109EuropeCzech Republic
71%
Mississippi123,781124,003AfricaMorocco
71%
Maryland443,729444,519BelgiumNorway
71%
Iowa220,929225,918South AmericaPeru
71%
Kentucky243,311225,918South AmericaPeru
71%
Arkansas143,438151,459AfricaAlgeria
68%
Nebraska150,507151,459AfricaAlgeria
68%
Minnesota407,395409,584AsiaBangladesh
68%
Tennessee411,689409,584AsiaBangladesh
68%
Utah212,855209,857EuropeGreece
68%
Oklahoma205,559209,857EuropeGreece
68%
Kansas193,139190,733AsiaIraq
68%
New Mexico108,241106,041AfricaKenya
68%
South Dakota60,81060,725EuropeBelarus
64%
Idaho92,30093,966AfricaEthiopia
64%
Hawaii89,66193,966AfricaEthiopia
64%
New Hampshire93,89193,966AfricaEthiopia
64%
Nevada187,394187,836AsiaKazakhstan
64%
Wisconsin363,586374,394AsiaSingapore
64%
Missouri359,034354,868AsiaVietnam
64%
Delaware79,28281,402North AmericaGuatemala
61%
Vermont36,08936,084AsiaNepal
57%
Montana57,91955,459South AmericaUruguay
57%
North Dakota64,97865,217EuropeCroatia
54%
Rhode Island64,17065,217EuropeCroatia
54%
Maine74,60474,260AfricaGhana
50%
Alaska54,02054,218AsiaTurkmenistan
50%
Wyoming41,19941,271AfricaUganda
46%
West Virginia85,77984,532AsiaSri Lanka
39%

Score Distribution

Percentile by Number Answered

Percent of People with Each Score

Your Score History

You have not taken this quiz